[Event "II. Budapest Open"]
[Site ", "]
[Date "2012.08.18"]
[Round "1"]
[White "To, Nhat Minh"]
[Black "Zahonyi Abel, Mark"]
[Result "1-0"]
[WhiteElo "2287"]
[BlackElo "1815"]
[PlyCount "121"]
[EventDate "2012.??.??"]

1. c4 Nf6 2. Nc3 e5 3. g3 Bb4 4. Bg2 O-O 5. Nf3 Bxc3 6. bxc3 d6 7. O-O Nc6 8.
d3 h6 9. e4 b6 10. h3 Bd7 11. Be3 Na5 12. Nd2 Nh7 13. f4 exf4 14. gxf4 Rb8 15.
Qf3 f5 16. e5 Bc6 17. Qe2 Bxg2 18. Kxg2 Re8 19. d4 Nf8 20. Kh2 c5 21. Qh5 Qd7
22. d5 Qf7 23. Qf3 Rb7 24. e6 Nxe6 25. dxe6 Qxe6 26. Rae1 Rbe7 27. Bf2 Qd7 28.
Qd5+ Kh7 29. Kg2 Nc6 30. Rxe7 Nxe7 31. Qf3 Ng6 32. h4 Re2 33. Qxe2 Nxf4+ 34.
Kf3 Nxe2 35. Kxe2 Qa4 36. Bg3 Qxa2 37. Rxf5 Qc2 38. Rd5 Qxc3 39. Bxd6 a5 40.
Be5 Qh3 41. Nf3 a4 42. Rd6 a3 43. Rxb6 a2 44. Rb7 Qg2+ 45. Ke3 Kh8 46. Rb8+ Kh7
47. Rb7 Kh8 48. Rb2 Qh1 49. Rxa2 Qc1+ 50. Kf2 Qxc4 51. Ra8+ Kh7 52. Ra7 Qc2+
53. Kg3 Kg8 54. Rxg7+ Kf8 55. Rc7 Ke8 56. Rc6 h5 57. Bd4 c4 58. Rc8+ Kd7 59.
Rxc4 Qg6+ 60. Kf2 Ke8 61. Rc8+ 1-0

[Event "II. Budapest Open"]
[Site ", "]
[Date "2012.08.18"]
[Round "1"]
[White "Czegledi, Barna Jr"]
[Black "Koczo, Kristof"]
[Result "0-1"]
[WhiteElo "1799"]
[BlackElo "2233"]
[PlyCount "76"]
[EventDate "2012.??.??"]

1. d4 d5 2. c4 c6 3. Nc3 Nf6 4. cxd5 cxd5 5. Bf4 Qa5 6. e3 Ne4 7. Qb3 e6 8. Bd3
Bb4 9. Nge2 O-O 10. O-O Nd2 11. Bxh7+ Kh8 12. Qc2 Nxf1 13. Rxf1 Nd7 14. Bd3 Nf6
15. f3 Bd7 16. e4 dxe4 17. fxe4 Rac8 18. Rf3 Kg8 19. e5 Nd5 20. Bh7+ Kh8 21.
Rh3 f6 22. Qd3 Rfe8 23. Qg6 Nxf4 24. Nxf4 Bxc3 25. bxc3 Rxc3 26. Qd3 Rc1+ 27.
Kf2 Qe1+ 28. Kf3 Qf1+ 29. Kg4 Qxd3 30. Nxd3 Rc4 31. Bg6+ Kg8 32. Bxe8 Rxd4+ 33.
Nf4 Bxe8 34. Kf3 Bc6+ 35. Kg3 fxe5 36. Nxe6 Rd3+ 37. Kh4 Rxh3+ 38. gxh3 Bd5 0-1

[Event "II. Budapest Open"]
[Site ", "]
[Date "2012.08.18"]
[Round "1"]
[White "Szepes, Tamas"]
[Black "Czimer, Jozsef"]
[Result "1-0"]
[WhiteElo "2227"]
[BlackElo "1791"]
[PlyCount "85"]
[EventDate "2012.??.??"]

1. d4 d5 2. c4 e6 3. Nc3 Nf6 4. cxd5 exd5 5. Bg5 Be7 6. e3 O-O 7. Bd3 Nbd7 8.
Qc2 c6 9. Nf3 h6 10. Bh4 Re8 11. O-O Bd6 12. Rab1 b6 13. b4 Qc7 14. Rfc1 Qb8
15. Bf5 g5 16. Bg3 Bxg3 17. hxg3 Bb7 18. b5 c5 19. dxc5 Nxc5 20. Nd4 Qd6 21.
Na4 Nfe4 22. Nxc5 Nxc5 23. Rb2 Bc8 24. Bh7+ Kh8 25. Nb3 Na4 26. Rbb1 Qf6 27.
Bd3 Bb7 28. Na5 Nc5 29. Nxb7 Nxb7 30. Qc6 Qxc6 31. Rxc6 Kg7 32. Be2 Re7 33. Rd1
Rd8 34. Bf3 Red7 35. a4 Na5 36. Rc3 Nc4 37. Rd4 Ne5 38. Rc1 Kf6 39. Rcd1 Ke6
40. Be2 f6 41. f4 Ng6 42. f5+ Kxf5 43. Bd3+ 1-0

[Event "II. Budapest Open"]
[Site ", "]
[Date "2012.08.18"]
[Round "1"]
[White "Szurkos, Andras"]
[Black "Jacso, Adam"]
[Result "0-1"]
[WhiteElo "1783"]
[BlackElo "2224"]
[PlyCount "116"]
[EventDate "2012.??.??"]

1. e4 c5 2. Nf3 Nc6 3. c3 Nf6 4. d3 g6 5. Nbd2 Bg7 6. Be2 O-O 7. h3 d5 8. exd5
Nxd5 9. O-O Nf4 10. Ne4 Nxe2+ 11. Qxe2 b6 12. Bg5 Ba6 13. Rad1 Qd7 14. Ne1 Rad8
15. f3 Qe6 16. a3 Rd5 17. Qe3 Rfd8 18. Nf2 Qd7 19. Bh6 Bh8 20. Qc1 c4 21. d4 e5
22. Bg5 f6 23. Be3 exd4 24. cxd4 Nxd4 25. Bxd4 Rxd4 26. Nc2 Rxd1 27. Rxd1 Qe7
28. Rxd8+ Qxd8 29. Nb4 Bb5 30. Qd1 Qxd1+ 31. Nxd1 f5 32. Nc3 Bd4+ 33. Kf1 Bd7
34. f4 Kf7 35. g3 a5 36. Nc2 Bc5 37. a4 Ke6 38. Ke2 Kd6 39. Ne3 Bxe3 40. Kxe3
Kc5 41. Kd2 Kd4 42. Ke2 Bc6 43. g4 fxg4 44. hxg4 h6 45. Kd2 Bd7 46. g5 h5 47.
Ke2 Be6 48. Kf2 Kd3 49. Ne2 Bf7 50. f5 gxf5 51. Nf4+ Kc2 52. g6 Bg8 53. Nxh5
Kxb2 54. Nf6 Be6 55. g7 c3 56. g8=Q Bxg8 57. Nxg8 c2 58. Ne7 c1=Q 0-1

[Event "II. Budapest Open"]
[Site ", "]
[Date "2012.08.18"]
[Round "1"]
[White "Toth, Sarolta"]
[Black "Mihaly, Zoltan"]
[Result "0-1"]
[WhiteElo "2192"]
[BlackElo "1756"]
[PlyCount "80"]
[EventDate "2012.??.??"]

1. Nf3 d5 2. g3 g6 3. Bg2 Bg7 4. O-O e5 5. c4 c6 6. d3 Ne7 7. e4 O-O 8. Nc3 Bg4
9. h3 Bxf3 10. Bxf3 d4 11. Ne2 Nd7 12. Bg2 Qb6 13. f4 f5 14. fxe5 Bxe5 15. Bh6
Bg7 16. Bxg7 Kxg7 17. b4 Qxb4 18. Rb1 Qd6 19. Rxb7 Nc5 20. Rb1 Rab8 21. Kh2 Qe5
22. exf5 Nxf5 23. Qd2 Ne3 24. Rf3 Rxf3 25. Bxf3 Rf8 26. Ng1 Qf5 27. Bxc6 Nf1+
28. Rxf1 Qxf1 29. Qg5 Qf5 30. Qe7+ Rf7 31. Qd6 Qf2+ 32. Kh1 Nxd3 33. Bd5 Qf6
34. Qa3 Nf2+ 35. Kh2 Re7 36. Qb2 d3 37. Qd2 Qd4 38. Nf3 Re2 39. Nxd4 Rxd2 40.
c5 Ne4+ 0-1

[Event "II. Budapest Open"]
[Site ", "]
[Date "2012.08.18"]
[Round "1"]
[White "Balla, Attila"]
[Black "Carvajal Gorgona, Jonathan"]
[Result "0-1"]
[WhiteElo "1749"]
[BlackElo "2153"]
[PlyCount "64"]
[EventDate "2012.??.??"]

1. d4 Nf6 2. c4 e6 3. Nc3 d5 4. cxd5 exd5 5. Bg5 Be7 6. Nf3 c6 7. e3 Bf5 8. Bd3
Bxd3 9. Qxd3 Nbd7 10. O-O O-O 11. Rab1 a5 12. a3 Re8 13. b4 axb4 14. axb4 b5
15. Rfc1 Ne4 16. Bxe7 Qxe7 17. Nd2 Nxd2 18. Qxd2 Nb6 19. Nd1 Nc4 20. Qe1 Ra4
21. Rb3 Rea8 22. Nb2 Ra3 23. Rxa3 Rxa3 24. Nxc4 dxc4 25. e4 Rd3 26. d5 cxd5 27.
exd5 Qxe1+ 28. Rxe1 Kf8 29. f4 Rxd5 30. Kf2 Rd2+ 31. Kf3 Rb2 32. Ra1 g6 0-1

[Event "II. Budapest Open"]
[Site ", "]
[Date "2012.08.18"]
[Round "1"]
[White "Resika, Nathan A"]
[Black "Terbe, Zsuzsanna"]
[Result "1-0"]
[WhiteElo "2149"]
[BlackElo "1748"]
[PlyCount "37"]
[EventDate "2012.??.??"]

1. Nf3 c5 2. c4 Nc6 3. g3 g6 4. Bg2 Bg7 5. O-O Nf6 6. Nc3 O-O 7. d4 d6 8. d5
Na5 9. Nd2 Nd7 10. Qc2 a6 11. Rb1 Rb8 12. b3 b5 13. Bb2 bxc4 14. bxc4 Ne5 15.
Nd1 Qc7 16. f4 Nd7 17. Bxg7 Kxg7 18. Rxb8 Qxb8 19. Qc3+ 1-0

[Event "II. Budapest Open"]
[Site ", "]
[Date "2012.08.18"]
[Round "1"]
[White "Zsatkovics, Endre"]
[Black "Gubics, Peter"]
[Result "0-1"]
[WhiteElo "1740"]
[BlackElo "2149"]
[PlyCount "64"]
[EventDate "2012.??.??"]

1. e4 e6 2. d4 d5 3. Nc3 Nf6 4. Bg5 Be7 5. e5 Nfd7 6. Bxe7 Qxe7 7. f4 O-O 8.
Qd2 c5 9. Nf3 Nc6 10. Be2 f6 11. exf6 Rxf6 12. O-O-O Nb6 13. Rhe1 Bd7 14. Bf1
Rc8 15. g3 Be8 16. dxc5 Qxc5 17. Qe3 Qxe3+ 18. Rxe3 Bh5 19. Be2 Bxf3 20. Rxf3
Rcf8 21. Bb5 g5 22. Bxc6 bxc6 23. Ne2 e5 24. Ra3 gxf4 25. gxf4 exf4 26. Rxa7
Nc4 27. b3 Ne3 28. Rd3 Re8 29. Kd2 Nf1+ 30. Kd1 f3 31. Ng1 f2 32. Ne2 Ne3+ 0-1

[Event "II. Budapest Open"]
[Site ", "]
[Date "2012.08.18"]
[Round "1"]
[White "Halak, Miklos"]
[Black "Szlenka, Attila"]
[Result "1-0"]
[WhiteElo "2137"]
[BlackElo "1736"]
[PlyCount "105"]
[EventDate "2012.??.??"]

1. e4 c6 2. d4 d5 3. Nc3 dxe4 4. Nxe4 Bf5 5. Ng3 Bg6 6. Nf3 Nf6 7. Bc4 e6 8.
O-O Bd6 9. c3 Nbd7 10. Re1 Qc7 11. Qe2 O-O 12. Nh4 Rfe8 13. Nxg6 hxg6 14. Be3
e5 15. Qc2 exd4 16. Bxd4 c5 17. Qxg6 Nf8 18. Qg5 cxd4 19. Nf5 Ne6 20. Bxe6 fxe6
21. Nxd4 Bxh2+ 22. Kh1 Bf4 23. Qb5 Kf7 24. g3 Bd6 25. Re2 Bc5 26. Nf3 Qc6 27.
Qxc6 bxc6 28. Ne5+ Kg8 29. Nxc6 Rac8 30. Ne5 Bd6 31. Nf3 Kf7 32. Ng5+ Kg6 33.
Nxe6 Rh8+ 34. Kg2 Rh6 35. Rd1 Bb8 36. Nd4 Rd8 37. Re7 Rhh8 38. Rxg7+ Kxg7 39.
Ne6+ Kg6 40. Nxd8 Bc7 41. Nc6 a5 42. Rd4 Re8 43. Kf3 Re6 44. Rc4 Nd7 45. Kg2
Bb6 46. Nd4 Rd6 47. f4 Nc5 48. Kf3 Ba7 49. g4 Nd3 50. f5+ Kh6 51. Rc7 Bb6 52.
Rb7 Nxb2 53. Ne6 1-0

[Event "II. Budapest Open"]
[Site ", "]
[Date "2012.08.18"]
[Round "1"]
[White "Furedi, Erik"]
[Black "Farkas, Richard"]
[Result "0-1"]
[WhiteElo "1732"]
[BlackElo "2116"]
[PlyCount "56"]
[EventDate "2012.??.??"]

1. e4 c5 2. Nf3 e6 3. d4 cxd4 4. Nxd4 a6 5. Nc3 Qc7 6. Be3 Nf6 7. a3 Be7 8. Bd3
O-O 9. O-O d6 10. f4 b5 11. Qd2 Bb7 12. f5 e5 13. Nde2 Nbd7 14. b4 Nb6 15. Ng3
Nc4 16. Bxc4 Qxc4 17. Qd3 Rac8 18. Bd2 Qd4+ 19. Kh1 Rc4 20. Rfe1 Rfc8 21. Re2
h5 22. Rae1 h4 23. Nf1 Qxd3 24. cxd3 Rxc3 25. Bxc3 Rxc3 26. Rd2 Rxa3 27. Rc1
Ne8 28. d4 Bg5 0-1

[Event "II. Budapest Open"]
[Site ", "]
[Date "2012.08.18"]
[Round "1"]
[White "Nagy, Aron"]
[Black "Schatzer, Andras"]
[Result "1-0"]
[WhiteElo "2091"]
[BlackElo "1729"]
[PlyCount "47"]
[EventDate "2012.??.??"]

1. d4 d5 2. Bf4 Bf5 3. c4 c6 4. Nc3 Nf6 5. e3 e6 6. Qb3 Qd7 7. Nf3 dxc4 8. Bxc4
b5 9. Nxb5 Nd5 10. Bxd5 Na6 11. Bc4 cxb5 12. Qxb5 Bb4+ 13. Ke2 Qxb5 14. Bxb5+
Ke7 15. Bxa6 f6 16. Rhc1 Bd6 17. Bxd6+ Kxd6 18. Bd3 Bg4 19. h3 Bh5 20. g4 Bf7
21. Be4 Rab8 22. b3 h5 23. Rc6+ Kd7 24. Rac1 1-0

[Event "II. Budapest Open"]
[Site ", "]
[Date "2012.08.18"]
[Round "1"]
[White "Szalai, Krisztian"]
[Black "Kanarkiewicz, Michal"]
[Result "0-1"]
[WhiteElo "1710"]
[BlackElo "2076"]
[PlyCount "114"]
[EventDate "2012.??.??"]

1. e4 c5 2. Nf3 d6 3. Bb5+ Nd7 4. O-O Ngf6 5. e5 dxe5 6. Nxe5 e6 7. d4 a6 8.
Bxd7+ Nxd7 9. Be3 Qc7 10. Nf3 Nf6 11. dxc5 Bxc5 12. Bxc5 Qxc5 13. Nbd2 O-O 14.
c3 b5 15. Qe2 Bb7 16. Qe5 Qc6 17. Rfe1 Rad8 18. Nb3 Rd5 19. Qe3 Qc7 20. h3 Rfd8
21. Nbd4 h6 22. Rac1 Qa5 23. a3 Qb6 24. b4 R5d6 25. Ne5 Nd5 26. Qg3 Nxc3 27.
Nxe6 Rxe6 28. Rxc3 Qd4 29. Rc7 Qd2 30. Qe3 Qxe3 31. Rxe3 Bd5 32. Nxf7 Rxe3 33.
Nxd8 Rxa3 34. Rd7 Bc4 35. Nc6 Kf8 36. Ne5 Ra4 37. Ra7 Bd5 38. Nd7+ Ke8 39. Nb6
Ra1+ 40. Kh2 Be6 41. Rxg7 a5 42. bxa5 b4 43. Na8 Kf8 44. Rg6 Bf7 45. Rxh6 Rxa5
46. Nc7 b3 47. Ne6+ Ke7 48. Nf4 Ra2 49. Nd3 Rd2 50. Ne5 b2 51. Rb6 Ba2 52. Nf3
Rxf2 53. Kg3 Rc2 54. Nd4 Rc3+ 55. Kf4 Bb3 56. Rb7+ Ke8 57. Rb8+ Kd7 0-1

[Event "II. Budapest Open"]
[Site ", "]
[Date "2012.08.18"]
[Round "1"]
[White "Yip, Michael"]
[Black "Dal Bianco, Nicola"]
[Result "1-0"]
[WhiteElo "2072"]
[BlackElo "1705"]
[PlyCount "107"]
[EventDate "2012.??.??"]

1. d4 Nf6 2. Nf3 e6 3. c4 Be7 4. Nc3 O-O 5. e4 d6 6. Be2 Nbd7 7. O-O e5 8. Re1
c6 9. Bf1 a6 10. Rb1 Qc7 11. h3 b5 12. a3 Bb7 13. b4 Rae8 14. dxe5 Nxe5 15.
Nxe5 dxe5 16. c5 Bc8 17. Qc2 Be6 18. Be3 h6 19. a4 Nh7 20. axb5 axb5 21. Red1
f5 22. exf5 Bxf5 23. Bd3 Bxd3 24. Qxd3 Rd8 25. Qc2 Rxd1+ 26. Rxd1 Rd8 27. Rxd8+
Qxd8 28. Qg6 Bf6 29. Bxh6 Nf8 30. Qg4 Qd4 31. Ne4 Kf7 32. Be3 Qd8 33. Nd6+ Kg8
34. g3 Qd7 35. Qxd7 Nxd7 36. Kg2 Kf8 37. Kf3 Ke7 38. Ke4 Ke6 39. Kd3 Be7 40.
Ne4 Kd5 41. f3 Nb8 42. h4 Na6 43. Bd2 Nc7 44. h5 Ke6 45. g4 Nd5 46. Ng3 Bf8 47.
g5 Ne7 48. Ke4 Nd5 49. Nf5 Nc7 50. Nh4 Be7 51. Ng6 Nd5 52. Nxe5 Bxg5 53. Bxg5
Nxb4 54. f4 1-0

[Event "II. Budapest Open"]
[Site ", "]
[Date "2012.08.18"]
[Round "1"]
[White "Nebenfuhrer, Gyorgy"]
[Black "Antal, Attila Dr"]
[Result "0-1"]
[WhiteElo "1689"]
[BlackElo "2062"]
[PlyCount "74"]
[EventDate "2012.??.??"]

1. Nf3 d5 2. d4 Nf6 3. c4 c6 4. Nc3 e6 5. c5 Nbd7 6. Bf4 Qa5 7. a3 Ne4 8. Bd2
Nxd2 9. Nxd2 e5 10. e3 Qc7 11. Be2 Be7 12. O-O O-O 13. b4 e4 14. Qb3 Nf6 15. f3
exf3 16. Bxf3 Ng4 17. Bxg4 Bxg4 18. Nf3 Bf6 19. b5 Rfe8 20. Rae1 Re7 21. a4
Bxf3 22. gxf3 Rae8 23. b6 axb6 24. cxb6 Qd8 25. Nd1 Bxd4 26. a5 Bc5 27. Rf2 d4
28. Rg2 dxe3 29. Rge2 Qd5 30. Qc2 Re6 31. Rf1 Rg6+ 32. Kh1 Rf6 33. Nc3 Qf5 34.
Ne4 Rxe4 35. Qxe4 Qxe4 36. fxe4 Rxf1+ 37. Kg2 Rf2+ 0-1

[Event "II. Budapest Open"]
[Site ", "]
[Date "2012.08.18"]
[Round "1"]
[White "Bodrogi, Laszlo"]
[Black "Csermely, Zoltan"]
[Result "1-0"]
[WhiteElo "2043"]
[BlackElo "1686"]
[PlyCount "91"]
[EventDate "2012.??.??"]

1. d4 Nf6 2. c4 e6 3. Nc3 d5 4. Bg5 Be7 5. e3 O-O 6. Nf3 Nbd7 7. Rc1 c6 8. Bd3
Ne8 9. Bxe7 Qxe7 10. O-O Nef6 11. e4 dxe4 12. Nxe4 Nxe4 13. Bxe4 Nf6 14. Bb1 b6
15. c5 bxc5 16. Rxc5 Qd6 17. Qc2 Bb7 18. Rd1 g6 19. Ne5 Rac8 20. h4 Kg7 21. Qb3
Rc7 22. h5 Nxh5 23. g4 Nf4 24. Qf3 Nd5 25. Be4 f5 26. Bxd5 cxd5 27. Qc3 Rfc8
28. Rc1 Rxc5 29. dxc5 d4 30. cxd6 dxc3 31. Rxc3 fxg4 32. Rxc8 Bxc8 33. d7 Bxd7
34. Nxd7 h5 35. b4 Kf7 36. Ne5+ Kf6 37. Nc6 e5 38. Nxa7 Ke6 39. b5 Kd6 40. b6
e4 41. a4 h4 42. a5 h3 43. b7 Kc7 44. a6 g3 45. fxg3 e3 46. Nc6 1-0

[Event "II. Budapest Open"]
[Site ", "]
[Date "2012.08.18"]
[Round "1"]
[White "Kanalas, Mihaly"]
[Black "Palla, Akos Botond"]
[Result "0-1"]
[WhiteElo "1668"]
[BlackElo "2014"]
[PlyCount "58"]
[EventDate "2012.??.??"]

1. e4 c5 2. Nf3 d6 3. d4 cxd4 4. Nxd4 Nf6 5. Nc3 g6 6. f3 Bg7 7. Be3 Nc6 8. Qd2
O-O 9. O-O-O d5 10. Nxc6 bxc6 11. e5 Nd7 12. f4 Qa5 13. Kb1 e6 14. g4 f6 15. f5
Nxe5 16. fxg6 hxg6 17. Be2 Ba6 18. h4 Bxe2 19. Qxe2 Rab8 20. Ka1 Nc4 21. Bc1
Rfe8 22. h5 f5 23. Rd3 Qb4 24. h6 Bf6 25. Qg2 c5 26. g5 Bh8 27. h7+ Kf7 28. Qg3
Nxb2 29. Rf3 Nd3 0-1

[Event "II. Budapest Open"]
[Site ", "]
[Date "2012.08.18"]
[Round "1"]
[White "Heyl, Thomas"]
[Black "Shan, He Jia Rita"]
[Result "1/2-1/2"]
[WhiteElo "2009"]
[BlackElo "1642"]
[PlyCount "84"]
[EventDate "2012.??.??"]

1. d4 e6 2. Nf3 d5 3. e3 Nf6 4. Bd3 c5 5. b3 Bd7 6. O-O Qb6 7. Ba3 Bb5 8. c4
dxc4 9. bxc4 Bc6 10. Nc3 Nbd7 11. Rb1 Qc7 12. e4 cxd4 13. Bxf8 dxc3 14. Bb4
Nxe4 15. Qe2 Ndc5 16. Bxe4 Bxe4 17. Rbd1 c2 18. Rd2 Bg6 19. Nd4 Rd8 20. Qe3 b6
21. Nxc2 Rxd2 22. Qxd2 Bd3 23. Bxc5 Bxf1 24. Bd6 Qxc4 25. Ne3 Qd3 26. Nxf1 Qxd2
27. Nxd2 Kd7 28. Bf4 Rc8 29. Kf1 Rc2 30. a3 e5 31. Be3 Rc3 32. a4 f6 33. Nb1
Rc4 34. a5 bxa5 35. Ke2 a6 36. Kd3 Rb4 37. Nc3 Kc6 38. Bc1 f5 39. Ba3 Rd4+ 40.
Ke3 f4+ 41. Ke2 g5 42. f3 Rd8 1/2-1/2

[Event "II. Budapest Open"]
[Site ", "]
[Date "2012.08.18"]
[Round "1"]
[White "Papp, Andrea"]
[Black "Ruck, Robert"]
[Result "0-1"]
[WhiteElo "1621"]
[BlackElo "2009"]
[PlyCount "42"]
[EventDate "2012.??.??"]

1. e4 c5 2. Nf3 e6 3. d4 cxd4 4. Nxd4 a6 5. Be3 Qc7 6. Nd2 Nf6 7. Bd3 d5 8.
exd5 Nxd5 9. Qf3 Nxe3 10. Qxe3 Bc5 11. Qe4 Nd7 12. N2b3 Nf6 13. Qe2 Ba7 14. O-O
O-O 15. Nf3 Re8 16. Nbd2 e5 17. h3 e4 18. Rfe1 Bf5 19. Nxe4 Nxe4 20. Bxe4 Rxe4
21. Qd2 h6 0-1

[Event "II. Budapest Open"]
[Site ", "]
[Date "2012.08.18"]
[Round "1"]
[White "Zoldy, Robert"]
[Black "Szonyi, Bence"]
[Result "1-0"]
[WhiteElo "1990"]
[BlackElo "1614"]
[PlyCount "117"]
[EventDate "2012.??.??"]

1. e4 e6 2. d4 d5 3. e5 c5 4. c3 cxd4 5. cxd4 Nc6 6. Nf3 Qb6 7. a3 Nge7 8. b4
Nf5 9. Bb2 Be7 10. Bd3 O-O 11. O-O g6 12. Bxf5 exf5 13. Nc3 Be6 14. Qd2 a5 15.
b5 Na7 16. a4 Bb4 17. Qh6 f6 18. Rfe1 Bxc3 19. Bxc3 Qc7 20. Rac1 Qg7 21. Qxg7+
Kxg7 22. Bxa5 Rfc8 23. Rc5 Rxc5 24. dxc5 Nxb5 25. axb5 Rxa5 26. Nd4 Bd7 27. e6
Be8 28. e7 Kf7 29. g3 Ra4 30. Ne6 Kxe7 31. Nc7+ Re4 32. Nxd5+ Ke6 33. Rxe4+
fxe4 34. c6 Bxc6 35. bxc6 bxc6 36. Ne3 Ke5 37. Kf1 f5 38. Ke1 g5 39. Kd2 f4 40.
Nc4+ Kf5 41. Ke2 Kg4 42. Nd2 Kf5 43. h3 h5 44. Nc4 h4 45. g4+ Ke6 46. Kd2 Kd5
47. Kc3 c5 48. Nd2 e3 49. fxe3 fxe3 50. Nf3 Ke4 51. Nxg5+ Kf4 52. Ne6+ Kg3 53.
Nxc5 Kxh3 54. g5 Kg2 55. g6 e2 56. Nd3 h3 57. g7 h2 58. g8=Q+ Kh1 59. Nf2# 1-0

[Event "II. Budapest Open"]
[Site ", "]
[Date "2012.08.18"]
[Round "1"]
[White "Devald, Peter"]
[Black "Kumala, Aleksander"]
[Result "0-1"]
[WhiteElo "1563"]
[BlackElo "1963"]
[PlyCount "52"]
[EventDate "2012.??.??"]

1. e4 e5 2. Nc3 Nf6 3. f4 d5 4. fxe5 Nxe4 5. Qf3 Nxc3 6. dxc3 c5 7. Bf4 Nc6 8.
O-O-O Qa5 9. Kb1 Be6 10. Nh3 Be7 11. Qg3 d4 12. c4 b5 13. Qf3 Rc8 14. Bg3 bxc4
15. Nf4 c3 16. Nxe6 fxe6 17. Bc4 Qb4 18. Bb3 c4 19. bxc3 dxc3 20. Rhf1 Rf8 21.
Qh5+ g6 22. Rxf8+ Bxf8 23. Qxh7 Ne7 24. Rf1 cxb3 25. Qf7+ Kd7 26. Rd1+ Kc7 0-1

[Event "II. Budapest Open"]
[Site ", "]
[Date "2012.08.18"]
[Round "1"]
[White "Kozma, Gabor"]
[Black "Novak, Levente Peter"]
[Result "1-0"]
[WhiteElo "1959"]
[BlackElo "1563"]
[PlyCount "41"]
[EventDate "2012.??.??"]

1. e4 e5 2. Nf3 Nc6 3. Bb5 d6 4. O-O Nf6 5. Re1 Be7 6. c3 O-O 7. h3 Be6 8. d4
d5 9. Bxc6 bxc6 10. Nxe5 Nxe4 11. Nxc6 Qd6 12. Nxe7+ Qxe7 13. Nd2 Nf6 14. Nf3
Qd7 15. Ne5 Qd6 16. Bf4 Rfe8 17. Qf3 Rab8 18. Re2 h6 19. Bxh6 gxh6 20. Qxf6 Kh7
21. Nxf7 1-0

[Event "II. Budapest Open"]
[Site ", "]
[Date "2012.08.18"]
[Round "1"]
[White "B. Kiss, Tamas"]
[Black "Orosz, Andras"]
[Result "0-1"]
[WhiteElo "1526"]
[BlackElo "1948"]
[PlyCount "106"]
[EventDate "2012.??.??"]

1. d4 Nf6 2. c4 e6 3. Nc3 d5 4. e3 c6 5. cxd5 exd5 6. Be2 Bd6 7. Nf3 O-O 8. O-O
Bf5 9. Bd2 Nbd7 10. Nh4 Be6 11. f4 Ne4 12. g3 Bh3 13. Re1 Re8 14. Bf3 Ndf6 15.
Qc2 Qd7 16. Nxe4 Nxe4 17. Bg2 Re7 18. Rf1 Bxg2 19. Kxg2 Rae8 20. Rf3 f6 21. f5
c5 22. Qd3 cxd4 23. Qxd4 Bc5 24. Qd3 Nxd2 25. Qxd2 Bxe3 26. Qd3 Bb6 27. Rd1 d4
28. Qc4+ Kh8 29. Rf4 Qc6+ 30. Qxc6 bxc6 31. b4 Re2+ 32. Rf2 a5 33. a3 axb4 34.
axb4 d3 35. Rxe2 dxe2 36. Re1 c5 37. Nf3 cxb4 38. Rb1 Bd4 39. Rxb4 Bc3 40. Rb1
e1=Q 41. Nxe1 Bxe1 42. g4 Bd2 43. Kg3 h5 44. gxh5 Re4 45. Rd1 Bg5 46. Rd3 Re3+
47. Rxe3 Bxe3 48. h4 Kg8 49. Kf3 Bh6 50. Kg3 Kf7 51. Kf3 Ke7 52. Kg3 Kd6 53.
Kf3 Ke5 0-1

[Event "II. Budapest Open"]
[Site ", "]
[Date "2012.08.18"]
[Round "1"]
[White "Bellan, Istvan"]
[Black "Mihajlova, Diana"]
[Result "1-0"]
[WhiteElo "1938"]
[BlackElo "1482"]
[PlyCount "69"]
[EventDate "2012.??.??"]

1. e4 d5 2. exd5 Nf6 3. Bb5+ Nbd7 4. c4 a6 5. Bxd7+ Bxd7 6. Nc3 e6 7. Qe2 Bc5
8. Nf3 O-O 9. d4 exd5 10. dxc5 Re8 11. Be3 Bg4 12. O-O-O c6 13. h3 Bxf3 14.
Qxf3 Ne4 15. Nxe4 Rxe4 16. Bd4 Qg5+ 17. Kb1 Qg6 18. Ka1 Rae8 19. cxd5 cxd5 20.
Qc3 Rf4 21. f3 Rc8 22. Qe3 Rxd4 23. Qxd4 Rd8 24. h4 b6 25. cxb6 f6 26. h5 Qf7
27. h6 g6 28. Rc1 Qe6 29. Rhe1 Qd6 30. a3 Qf8 31. Rc7 Qxh6 32. Qxf6 Qf8 33.
Qe6+ Kh8 34. Rh1 Qg8 35. Qf6+ 1-0

[Event "II. Budapest Open"]
[Site ", "]
[Date "2012.08.18"]
[Round "1"]
[White "Romhanyi, Mihaly"]
[Black "Kalmar, Karoly"]
[Result "1-0"]
[WhiteElo "1455"]
[BlackElo "1920"]
[PlyCount "57"]
[EventDate "2012.??.??"]

1. e4 c5 2. c3 d5 3. exd5 Qxd5 4. Nf3 e5 5. Na3 a6 6. Bc4 Qd6 7. d4 exd4 8. O-O
Be7 9. Qb3 Nc6 10. Bxf7+ Kf8 11. Bh5 Be6 12. c4 g6 13. Qxb7 Ra7 14. Qb3 Nf6 15.
Bh6+ Ke8 16. Rfe1 Kd7 17. Bg7 Rb8 18. Qa4 Kc7 19. Ng5 Bg8 20. Bf3 Bd8 21. Bxf6
Bxf6 22. Ne4 Rb4 23. Qxb4 Nxb4 24. Nxd6 Kxd6 25. Re8 Bf7 26. Rb8 d3 27. Rb6+
Ke5 28. Re1+ Kf5 29. g4+ 1-0

[Event "II. Budapest Open"]
[Site ", "]
[Date "2012.08.18"]
[Round "1"]
[White "Takacs, Kevin"]
[Black "Gorog, Almos"]
[Result "1/2-1/2"]
[WhiteElo "1909"]
[BlackElo "1435"]
[PlyCount "84"]
[EventDate "2012.??.??"]

1. d4 Nf6 2. c4 g6 3. Nf3 Bg7 4. Nc3 d5 5. Bg5 c6 6. e3 Bf5 7. Qb3 Be4 8. Bxf6
Bxf6 9. cxd5 cxd5 10. Qxb7 Nd7 11. Bb5 Bf5 12. O-O O-O 13. Qxd5 Nb6 14. Qxd8
Rfxd8 15. Nd2 e5 16. dxe5 Bxe5 17. Nf3 Bg7 18. Rac1 Rac8 19. h3 h5 20. Rfe1 Bd3
21. Red1 Bxb5 22. Rxd8+ Rxd8 23. Nxb5 Bxb2 24. Rc2 Bg7 25. Nxa7 Ra8 26. Nc6 Nd5
27. Nfd4 Kf8 28. Kf1 Ke8 29. Nb5 Kd7 30. e4 Nb6 31. Nca7 Be5 32. Ke2 Na4 33.
Nc6 Bg7 34. Nb4 Rb8 35. Rc7+ Ke8 36. Nd6+ Kd8 37. Nc6+ Kxc7 38. Nxb8 Kxb8 39.
Nxf7 Nc3+ 40. Kf3 Nxa2 41. Nd8 Kc8 42. Ne6 Bh6 1/2-1/2

[Event "II. Budapest Open"]
[Site ", "]
[Date "2012.08.18"]
[Round "1"]
[White "Devald, Tamas"]
[Black "Lakat, Gyula"]
[Result "0-1"]
[WhiteElo "1422"]
[BlackElo "1896"]
[PlyCount "55"]
[EventDate "2012.??.??"]

1. e4 c5 2. Nf3 Nc6 3. d4 cxd4 4. Nxd4 e5 5. Nb5 d6 6. N1c3 a6 7. Na3 Be6 8.
Bc4 Nf6 9. Bxe6 fxe6 10. Bg5 b5 11. Ne2 Be7 12. Bxf6 gxf6 13. c3 O-O 14. Ng3 f5
15. Qf3 Qd7 16. Nh5 Kh8 17. Ng3 Rf7 18. Qd3 f4 19. Ne2 Raf8 20. f3 Bh4+ 21. Kf1
Qa7 22. g3 fxg3 23. Kg2 Qf2+ 24. Kh3 g2 25. Qxd6 Qxe2 26. Qxc6 Qxf3+ 27. Kxh4
Rf4+ 28. Kg5 0-1

[Event "II. Budapest Open"]
[Site ", "]
[Date "2012.08.18"]
[Round "1"]
[White "Terbe, Julianna"]
[Black "Bolgar, Janka"]
[Result "1-0"]
[WhiteElo "1895"]
[BlackElo "1398"]
[PlyCount "77"]
[EventDate "2012.??.??"]

1. Nf3 Nc6 2. d4 d5 3. Bf4 Nf6 4. h3 Bf5 5. c3 e6 6. Nbd2 Bd6 7. Ne5 Bxe5 8.
dxe5 Nd7 9. Nf3 Be4 10. Qa4 O-O 11. Nd2 Bf5 12. g4 Bg6 13. Bg2 Ncxe5 14. O-O
Nb6 15. Qb3 Nc6 16. c4 dxc4 17. Nxc4 Nd4 18. Qb4 Nxc4 19. Qxc4 c6 20. Rad1
Nxe2+ 21. Qxe2 Qb6 22. Rd2 Rad8 23. Rfd1 Rxd2 24. Qxd2 h6 25. Be3 Qa6 26. a3 h5
27. g5 Qb5 28. Bxa7 b6 29. Qe3 c5 30. Rd6 Qxb2 31. Rxb6 Qa1+ 32. Kh2 c4 33. Rc6
Bd3 34. Bd4 Qxa3 35. Bc5 Qa1 36. Bxf8 Kxf8 37. Rc8+ Ke7 38. Qc5+ Kd7 39. Qc7#
1-0

[Event "II. Budapest Open"]
[Site ", "]
[Date "2012.08.18"]
[Round "1"]
[White "Bella, Zsolt"]
[Black "Berta, Sandor"]
[Result "0-1"]
[WhiteElo "1369"]
[BlackElo "1891"]
[PlyCount "56"]
[EventDate "2012.??.??"]

1. c4 e6 2. d4 d5 3. Nc3 Nf6 4. g3 c6 5. Bg5 Be7 6. Qc2 Nbd7 7. c5 O-O 8. Bg2
b6 9. b4 e5 10. Nf3 exd4 11. Nxd4 Bb7 12. Nf5 bxc5 13. Nxe7+ Qxe7 14. b5 h6 15.
Bxf6 Nxf6 16. O-O Rac8 17. a4 Rfe8 18. e3 Red8 19. Rfe1 Qd7 20. Rad1 cxb5 21.
axb5 d4 22. Bxb7 Qxb7 23. exd4 cxd4 24. Qb1 dxc3 25. Rxd8+ Rxd8 26. Rc1 Qf3 27.
Qb3 Ne4 28. Rf1 Nd2 0-1

[Event "II. Budapest Open"]
[Site ", "]
[Date "2012.08.18"]
[Round "1"]
[White "Toth-Katona, Tamas"]
[Black "Indig, Akos"]
[Result "1-0"]
[WhiteElo "1859"]
[BlackElo "1349"]
[PlyCount "45"]
[EventDate "2012.??.??"]

1. e4 e5 2. Nc3 Nf6 3. f4 d5 4. fxe5 Nxe4 5. Nf3 Bg4 6. d3 Nxc3 7. bxc3 Nc6 8.
d4 g6 9. Be2 Bxf3 10. Bxf3 Bg7 11. O-O O-O 12. Qe2 Re8 13. Ba3 f6 14. e6 f5 15.
Rae1 Bf8 16. Bxf8 Kxf8 17. g4 Ne7 18. Qg2 c6 19. gxf5 Nxf5 20. Bg4 Qg5 21. h4
Qf6 22. Re5 Rxe6 23. Bxf5 1-0